000 00857cam a2200265 i 4500
001 4664710
003 GBCCL
005 20241126110350.0
008 801217s1980 cau b 000 0 eng
010 _a 80067432
020 _a091895665X (pbk.) :
_c$4.95
040 _aDLC
_cDLC
_dDLC
050 0 0 _aBT1102
_b.M24
082 0 0 _a239
_219
_bMCD
100 1 _aMcDowell, Josh.
_91225
245 1 0 _aAnswers to tough questions skeptics ask about the Christian faith /
_cJosh McDowell and Don Stewart.
260 _aSan Bernardino, Calif. :
_bHere's Life Publishers,
_cc1983.
300 _a198 p. ;
_c21 cm.
504 _aIncludes bibliographies.
650 0 _aApologetics.
_985
650 0 _aChristianity
_vMiscellanea.
_986
700 1 _aStewart, Don Douglas,
_ejoint author.
_91227
906 _a7
_bcbc
_corignew
_d2
_eopcn
_f19
_gy-gencatlg
942 _2ddc
_cBK
_011
999 _c963
_d963